00954naa a2200193 i 45000010005000000030009000050050017000140080039000310400029000700800007000991000180001062450066002866500031003526500017003837000170004007730162005709420013007329990015007459986KOSZ 00520180509103145.0180412s1986 pl f |000 0 pol cKOSZ 005/HRaKOSZ 005/HR a691 aGOJŻEWSKI, Mirosław.bWyższa Szkoła Inżynierska w Koszalinie - Wydział Inżynierii Lądowej i Sanitarnej,cZakład Ekonomiki i Organizacji Budownictwad1980 - 1996.10aHarmonogramy budowlane /cMirosław Gojżewski, Jan Oberski. aBudownictwo - organizacja. aPlac budowy.1 aOBERSKI, Jan.bWyższa Szkoła Inżynierska w Koszalinie - Wydział Inżynierii Lądowej i Sanitarnej,cZakład Ekonomiki i Organizacji Budownictwad1976 - 1992.0 iW :tOrganizowanie i planowanie budowy. Cz. 2 / pod red. Eugeniusza Michalskiego. -dKoszalin : Wydaw. Wyższej Szkoły Inżynierskiej, 1986. -gs. 369-411 cROZ2UKD c9986d9986